| 000 | 00507nam a2200133Ia 4500 | ||
|---|---|---|---|
| 008 | 170221s9999 xx 000 0 und d | ||
| 100 | _aCaylor, Marcus L. | ||
| 245 | _aAnalysts’ and Investors’ Reactions to Consistent Earnings Signals (pages 1041–1074) | ||
| 245 | _cMarcus L. Caylor, Theodore E. Christensen, Peter M. Johnson and Thomas J. Lopez | ||
| 260 | _c2012 | ||
| 300 | _a32 : 5 | ||
| 650 | _xBusiness | ||
| 856 | _uhttp://onlinelibrary.wiley.com/doi/10.1111/jbfa.2015.42.issue-9-10/issuetoc | ||
| 999 |
_c311234 _d311234 |
||